Aztecs of Mexico : (Record no. 28633)
[ view plain ]
| 000 -LEADER | |
|---|---|
| fixed length control field | 00902cam a2200265 a 4500 |
| 001 - CONTROL NUMBER | |
| control field | 28633 |
| 003 - CONTROL NUMBER IDENTIFIER | |
| rucl marc code | BD-RjUL |
| 005 - DATE AND TIME OF LATEST TRANSACTION | |
| control field | 20211209051317.0 |
| 008 - FIXED-LENGTH DATA ELEMENTS--GENERAL INFORMATION | |
| fixed length control field | 140331t1962 nyua 001 0 eng d |
| 035 ## - SYSTEM CONTROL NUMBER | |
| System control number | (BD-RjUL)28714 |
| 040 ## - CATALOGING SOURCE | |
| Original cataloging agency | WSU |
| Transcribing agency | WSU |
| Modifying agency | OCL |
| -- | VVC |
| -- | BD-RjUL |
| Language of cataloging | eng |
| 041 ## - LANGUAGE CODE | |
| Language code of text/sound track or separate title | eng |
| 082 04 - DEWEY DECIMAL CLASSIFICATION NUMBER | |
| Classification number | 972.5 |
| Author mark and year | VAA 1962 |
| 090 ## - LOCALLY ASSIGNED LC-TYPE CALL NUMBER (OCLC); LOCAL CALL NUMBER (OCLC) | |
| Classification number (OCLC) (R) ; Classification number, CALL (RLIN) (NR) | F1219 |
| Local cutter number (OCLC) ; Book number/undivided call number, CALL (RLIN) | .V13 1962 |
| 100 1# - MAIN ENTRY--PERSONAL NAME | |
| Personal name | Vaillant, George Clapp, |
| Dates associated with a name | 1901-1945. |
| 9 (RLIN) | 86303 |
| 245 10 - TITLE STATEMENT | |
| Title | Aztecs of Mexico : |
| Remainder of title | origin, rise, and fall of the Aztec nation / |
| Statement of responsibility, etc. | George C. Vaillant ; revised by Suzannah B. Vaillant. |
| 260 ## - PUBLICATION, DISTRIBUTION, ETC. (IMPRINT) | |
| Place of publication, distribution, etc. | Garden City, N.Y. : |
| Name of publisher, distributor, etc. | Doubleday, |
| Date of publication, distribution, etc. | 1962. |
| 300 ## - PHYSICAL DESCRIPTION | |
| Pagination | xxii, 312 p. : |
| Illustrations | ill. ; |
| Size | 24 cm. |
| 504 ## - BIBLIOGRAPHY, ETC. NOTE | |
| Bibliography, etc | Includes bibliographical reference and index. |
| 650 #0 - SUBJECT ADDED ENTRY--TOPICAL TERM | |
| Topical term or geographic name as entry element | Aztecs. |
| 9 (RLIN) | 86216 |
| 651 #0 - SUBJECT ADDED ENTRY--GEOGRAPHIC NAME | |
| Geographic name | Mexico |
| General subdivision | History |
| Chronological subdivision | To 1519. |
| 9 (RLIN) | 87641 |
| 700 1# - ADDED ENTRY--PERSONAL NAME | |
| Personal name | Vaillant, Suzannah B. |
| Fuller form of name | (Suzannah Beck), |
| Dates associated with a name | 1908- |
| 942 ## - ADDED ENTRY ELEMENTS (KOHA) | |
| Source of classification or shelving scheme | Dewey Decimal Classification |
| Koha item type | Books |
| Lost status | Source of classification or shelving scheme | Damaged status | Not for loan | Collection code | Permanent Location | Current Location | Shelving location | Date acquired | Source of acquisition | Cost, normal purchase price | Total Checkouts | Full call number | Date last seen | Copy number | Koha item type |
|---|---|---|---|---|---|---|---|---|---|---|---|---|---|---|---|
| Dewey Decimal Classification | Non-fiction | Central Library, University of Rajshahi | Central Library, University of Rajshahi | 25/09/1965 | Zeitlinger | 64.00 | 972.5 VAA 1962 | 31/03/2014 | C-3 | Books |